| 000 | 00580nam a22001937a 4500 | ||
|---|---|---|---|
| 999 |
_c181603 _d181603 |
||
| 005 | 20210927104834.0 | ||
| 010 | _aENG-129971 | ||
| 020 |
_c495.00 _a9789353887063 |
||
| 035 | _aEN-113503 | ||
| 037 | _bDBAD/PUB | ||
| 082 | _a658.4092 | ||
| 100 | _aLatha Vijaybaskar | ||
| 245 |
_aMaster Strokes: _breinventing leadership in uncertain times _cby Latha Vijaybaskar |
||
| 250 | _a2021 | ||
| 260 |
_bSage _c2021 |
||
| 270 |
_bNew Delhi _aBI/1-1 Mohan Cooperative Industrial Area _e110044 |
||
| 300 |
_axiii,223p _c21cm (pbk) |
||
| 942 |
_2ddc _cEN _mLAT _h658.4092 |
||